| 000 | 01128nam a2200229 i 4500 | ||
|---|---|---|---|
| 001 | 152203 | ||
| 003 | ES-MaACL | ||
| 005 | 20251011063141.0 | ||
| 008 | 931025s1859 sp a |||| | spa d | ||
| 040 |
_aPAB _bspa _cCCPB |
||
| 100 | 1 |
_aBlanco Fernández, Antonio, _dm. 1873 _929247 |
|
| 245 | 1 | 0 |
_aEnsayo de zoología agrícola y forestal, o sea, Tratado de los animales útiles y perjudiciales a la agricultura, a los montes y al arbolado / _cpor Antonio Blanco Fernández ; obra publicada bajo la protección del Gobierno de S.M., a propuesta del Real Consejo de Agricultura, Industria y Comercio. |
| 246 | 3 | 3 | _aTratado de los animales útiles y perjudiciales a la agricultura, a los montes y al arbolado |
| 260 |
_aMadrid : _b[s.n.], _c1859 ( _fImp. Nacional) |
||
| 300 |
_aVIII, 572 p. : _bil. ; _c24 cm. |
||
| 530 | _aDisponible en formato digital. | ||
| 650 | 4 |
_aPlagas del campo. _9136703 |
|
| 650 | 0 | 4 |
_aZoología agrícola. _917871 |
| 852 |
_aES-MaACL _jG-9553 _z-- Enc. hol. |
||
| 856 |
_uhttp://bdh-rd.bne.es/viewer.vm?id=0000125308&page=1 _zBiblioteca Digital Hispánica |
||
| 999 |
_c152203 _d152203 |
||